<?xml version="1.0" encoding="UTF-8"?><?xml-stylesheet type="text/xsl" href="static/style.xsl"?><OAI-PMH xmlns="http://www.openarchives.org/OAI/2.0/" xmlns:xsi="http://www.w3.org/2001/XMLSchema-instance" xsi:schemaLocation="http://www.openarchives.org/OAI/2.0/ http://www.openarchives.org/OAI/2.0/OAI-PMH.xsd"><responseDate>2026-06-02T02:13:55Z</responseDate><request verb="GetRecord" identifier="oai:riuma.uma.es:10630/15670" metadataPrefix="marc">https://riuma.uma.es/rest/oai/request</request><GetRecord><record><header><identifier>oai:riuma.uma.es:10630/15670</identifier><datestamp>2026-02-03T12:38:15Z</datestamp><setSpec>com_10630_2254</setSpec><setSpec>col_10630_37957</setSpec></header><metadata><record xmlns="http://www.loc.gov/MARC21/slim" xmlns:dcterms="http://purl.org/dc/terms/" xmlns:doc="http://www.lyncode.com/xoai" xmlns:xsi="http://www.w3.org/2001/XMLSchema-instance" xsi:schemaLocation="http://www.loc.gov/MARC21/slim http://www.loc.gov/standards/marcxml/schema/MARC21slim.xsd">
   <leader>00925njm 22002777a 4500</leader>
   <datafield ind2=" " ind1=" " tag="042">
      <subfield code="a">dc</subfield>
   </datafield>
   <datafield ind2=" " ind1=" " tag="720">
      <subfield code="a">Fonseca Fonseca, Madeline</subfield>
      <subfield code="e">author</subfield>
   </datafield>
   <datafield ind2=" " ind1=" " tag="260">
      <subfield code="c">2016</subfield>
   </datafield>
   <datafield ind2=" " ind1=" " tag="520">
      <subfield code="a">Las unidades de intensivo neonatal (NICU), en las que se atiende y cuida a los neonatos prematuros son áreas especializadas que requieren un personal competente. Entre el personal que trabaja en el NICU se encuentra el personal de enfermería, que debe ser experto en el cuidado del recién nacido prematuro y en el manejo de equipo de alta tecnología, entre otras cosas. Es de suma importancia que el personal de enfermería que trabaja en la Unidad de Intensivo Neonatal presente el conocimiento necesario para minimizar todo aquello que pueda tener consecuencias negativas para el neurodesarrollo del recién nacido prematuro. El conocimiento al igual que la aplicación del mismo en forma efectiva y una actitud adecuada son necesarias para minimizar las consecuencias negativas en el neurodesarrollo del recién nacido prematuro. Es imprescindible que la enfermera integre estos tres conceptos (nivel de conocimiento, practica y actitud) para ofrecer un cuidado de enfermería de excelencia y calidad al recién nacido prematuro y su familia.&#xd;
Objetivo General: Determinar la asociación entre el nivel de conocimiento, la práctica y la actitud del personal de enfermería que trabaja en unidades de intensivos neonatales sobre el cuidado del recién nacido prematuro y su neurodesarrollo.</subfield>
   </datafield>
   <datafield ind1="8" ind2=" " tag="024">
      <subfield code="a">https://hdl.handle.net/10630/15670</subfield>
   </datafield>
   <datafield tag="653" ind2=" " ind1=" ">
      <subfield code="a">Niños recién nacidos - Cuidado - Tesis doctorales</subfield>
   </datafield>
   <datafield tag="653" ind2=" " ind1=" ">
      <subfield code="a">Neonatología - Tesis doctorales</subfield>
   </datafield>
   <datafield ind2="0" ind1="0" tag="245">
      <subfield code="a">Asociación entre el conocimiento, práctica y actitud del cuidado de enfermería en el neurodesarrollo del recien nacido prematuro</subfield>
   </datafield>
</record>
</metadata></record></GetRecord></OAI-PMH>